000 00545nam a2200169Ia 4500
008 110201s9999 xx 000 0 und d
082 _bB6625
_aKS 1005
100 _aमंदाकिनी गोगटे
245 _aरसिक बलमा
260 _bप्राजक्ता प्रकाशन
365 _b140
600 _aमंदाकिनी गोगटे
630 _aरसिक बलमा
700 _aमंदाकिनी गोगटे
730 _aरसिक बलमा
942 _cBOOK
999 _c832228
_d832225